000 00476cam a2200157 4500500
005 20260329003720.0
041 _afre
042 _adc
100 1 0 _aPortevin, Catherine
_eauthor
245 0 0 _aPossédées
260 _c2016.
500 _a32
690 _aFrédéric Gros
786 0 _nPhilosophie magazine | 102 | 9 | 2016-09-01 | p. 68-68 | 1951-1787
856 4 1 _uhttps://shs.cairn.info/magazine-philosophie-magazine-2016-9-page-68?lang=fr&redirect-ssocas=7080
999 _c1826989
_d1826989